| 000 | 00592nam a2200193 a 4500 | ||
|---|---|---|---|
| 001 | 4011 | ||
| 005 | 20140414132052.0 | ||
| 008 | 040602s19uu xx 00 eng d | ||
| 020 | _a1-85434-346-7 | ||
| 050 |
_aREF 620 _bTW93 1995 |
||
| 100 | _aLlewellyn, Claire | ||
| 245 |
_aHow things work : _bthings we make, build and use / _ctext by CLaire Llewellyn. |
||
| 260 |
_aUK : _bTwo-Can Pub., _c1995. |
||
| 300 | _a93 p. : ill. ; cm. | ||
| 440 | _aTwo-Can First Encyclopedia | ||
| 650 |
_aMachinery _xDesign and construction. |
||
| 650 |
_aNatural history _xEncyclopedias. |
||
| 999 |
_c114190 _d114190 |
||